Estudios de numismàtica romana / recopilación y edición, Dr. Eduardo Ripoll Perelló
Publicado:
Barcelona :
Diputación Provincial de Barcelona. Instituto de Prehistoria y Arqueología ,
1964
Descripción Física:
VIII, 96 p. : il. ; 27 cm
Materias:
Numismàtica romana
MARC
| LEADER | 00000nam a2200000Ia 4500 | ||
|---|---|---|---|
| 001 | 1854 | ||
| 008 | 160829s1964 xx 000 0 cat d | ||
| 080 | |a B-1-69 | ||
| 100 | 1 | |a Ripoll i Perelló, Eduard, |d 1923-2006 |9 20913 | |
| 245 | |a Estudios de numismàtica romana / recopilación y edición, Dr. Eduardo Ripoll Perelló | ||
| 260 | |a Barcelona : |b Diputación Provincial de Barcelona. Instituto de Prehistoria y Arqueología, |c 1964 | ||
| 300 | |a VIII, 96 p. : |b il. ; |c 27 cm | ||
| 650 | |a Numismàtica romana |9 20917 | ||
| 710 | 2 | |a Instituto de Prehistoria y Arqueología (Barcelona, Catalunya) |9 54255 | |
| 901 | |a Arxiu | ||
| 942 | |n 1 |2 udc | ||
| 952 | |0 0 |1 0 |4 0 |6 B169 |7 1 |9 41742 |a Arxiu |b Arxiu |d 2016-12-01 |l 0 |o B-1-69 |p 1854 |r 2016-12-01 00:00:00 |w 2016-12-01 |y ARXIU | ||
| 999 | |c 43632 |d 43632 | ||